<?xml version="1.0" encoding="UTF-8"?>
<record
    xmlns:xsi="http://www.w3.org/2001/XMLSchema-instance"
    xsi:schemaLocation="http://www.loc.gov/MARC21/slim http://www.loc.gov/standards/marcxml/schema/MARC21slim.xsd"
    xmlns="http://www.loc.gov/MARC21/slim">

  <leader>01755nam0a2200361   4500</leader>
  <controlfield tag="001">RU\NLR\bibl\1007206</controlfield>
  <controlfield tag="005">20260406075645.0</controlfield>
  <datafield tag="021" ind1=" " ind2=" ">
    <subfield code="a">RU</subfield>
    <subfield code="b">2006-861&#x43F;</subfield>
    <subfield code="9">30</subfield>
  </datafield>
  <datafield tag="035" ind1=" " ind2=" ">
    <subfield code="a">(NLR Aleph) 000994860</subfield>
  </datafield>
  <datafield tag="090" ind1=" " ind2=" ">
    <subfield code="a">541777</subfield>
    <subfield code="c">541777</subfield>
  </datafield>
  <datafield tag="100" ind1=" " ind2=" ">
    <subfield code="a">20061114d2006    |||y0rusy50      ca</subfield>
  </datafield>
  <datafield tag="101" ind1="0" ind2=" ">
    <subfield code="a">rus</subfield>
  </datafield>
  <datafield tag="102" ind1=" " ind2=" ">
    <subfield code="a">RU</subfield>
  </datafield>
  <datafield tag="105" ind1=" " ind2=" ">
    <subfield code="a">ac  |||||||||</subfield>
  </datafield>
  <datafield tag="200" ind1="1" ind2=" ">
    <subfield code="a">&#x410;&#x440;&#x445;&#x438;&#x442;&#x435;&#x43A;&#x442;&#x443;&#x440;&#x430; &#x420;&#x43E;&#x441;&#x441;&#x438;&#x438; &#x432; &#x435;&#x435; &#x438;&#x43A;&#x43E;&#x43D;&#x435;</subfield>
    <subfield code="e">[&#x433;&#x43E;&#x440;&#x43E;&#x434;&#x430;, &#x43C;&#x43E;&#x43D;&#x430;&#x441;&#x442;&#x44B;&#x440;&#x438; &#x438; &#x446;&#x435;&#x440;&#x43A;&#x432;&#x438; &#x432; &#x438;&#x43A;&#x43E;&#x43D;&#x43E;&#x43F;&#x438;&#x441;&#x438; &#x425;VI-&#x425;I&#x425; &#x432;&#x435;&#x43A;&#x43E;&#x432; &#x438;&#x437; &#x441;&#x43E;&#x431;&#x440;&#x430;&#x43D;&#x438;&#x44F; &#x41C;&#x443;&#x437;&#x435;&#x44F;-&#x437;&#x430;&#x43F;&#x43E;&#x432;&#x435;&#x434;&#x43D;&#x438;&#x43A;&#x430; "&#x41A;&#x43E;&#x43B;&#x43E;&#x43C;&#x435;&#x43D;&#x441;&#x43A;&#x43E;&#x435;"</subfield>
    <subfield code="f">&#x430;&#x432;&#x442;.-&#x441;&#x43E;&#x441;&#x442;. &#x41E;&#x43B;&#x44C;&#x433;&#x430; &#x41F;&#x43E;&#x43B;&#x44F;&#x43A;&#x43E;&#x432;&#x430;]</subfield>
  </datafield>
  <datafield tag="210" ind1=" " ind2=" ">
    <subfield code="a">&#x41C;&#x43E;&#x441;&#x43A;&#x432;&#x430;</subfield>
    <subfield code="c">[&#x431;.&#x438;.]</subfield>
    <subfield code="d">2006</subfield>
  </datafield>
  <datafield tag="215" ind1=" " ind2=" ">
    <subfield code="a">250, [1 &#x441;.</subfield>
    <subfield code="c">&#x446;&#x432;.&#x438;&#x43B;., &#x43F;&#x43E;&#x440;&#x442;&#x440;.</subfield>
    <subfield code="d">30</subfield>
  </datafield>
  <datafield tag="225" ind1="1" ind2=" ">
    <subfield code="a">WAM: World Art &#x41C;&#x443;&#x437;&#x435;&#x439;</subfield>
    <subfield code="x">1726-3050</subfield>
    <subfield code="v">N 19/20</subfield>
  </datafield>
  <datafield tag="320" ind1=" " ind2=" ">
    <subfield code="a">&#x411;&#x438;&#x431;&#x43B;&#x438;&#x43E;&#x433;&#x440;.: &#x441;. 240 (30 &#x43D;&#x430;&#x437;&#x432;.)</subfield>
  </datafield>
  <datafield tag="601" ind1="0" ind2="2">
    <subfield code="a">"&#x41A;&#x43E;&#x43B;&#x43E;&#x43C;&#x435;&#x43D;&#x441;&#x43A;&#x43E;&#x435;", &#x43C;&#x443;&#x437;&#x435;&#x439;-&#x437;&#x430;&#x43F;&#x43E;&#x432;&#x435;&#x434;&#x43D;&#x438;&#x43A;</subfield>
    <subfield code="c">&#x41C;&#x43E;&#x441;&#x43A;&#x432;&#x430;, &#x433;&#x43E;&#x440;&#x43E;&#x434;</subfield>
    <subfield code="x">&#x41A;&#x43E;&#x43B;&#x43B;&#x435;&#x43A;&#x446;&#x438;&#x44F; &#x438;&#x43A;&#x43E;&#x43D;&#x43E;&#x43F;&#x438;&#x441;&#x438;</subfield>
    <subfield code="9">2446127</subfield>
    <subfield code="3">RU\NLR\auth\661454814</subfield>
  </datafield>
  <datafield tag="606" ind1="1" ind2=" ">
    <subfield code="a">&#x410;&#x440;&#x445;&#x438;&#x442;&#x435;&#x43A;&#x442;&#x443;&#x440;&#x430; &#x440;&#x443;&#x441;&#x441;&#x43A;&#x430;&#x44F;</subfield>
    <subfield code="j">&#x414;&#x43E;&#x43A;&#x443;&#x43C;&#x435;&#x43D;&#x442;&#x44B; &#x438; &#x43C;&#x430;&#x442;&#x435;&#x440;&#x438;&#x430;&#x43B;&#x44B;</subfield>
    <subfield code="z">16 - 19 &#x432;&#x432;.</subfield>
    <subfield code="9">2446123</subfield>
    <subfield code="3">RU\NLR\auth\661454812</subfield>
  </datafield>
  <datafield tag="606" ind1="1" ind2=" ">
    <subfield code="a">&#x418;&#x43A;&#x43E;&#x43D;&#x43E;&#x43F;&#x438;&#x441;&#x44C; &#x440;&#x443;&#x441;&#x441;&#x43A;&#x430;&#x44F;</subfield>
    <subfield code="x">&#x422;&#x435;&#x43C;&#x430;&#x442;&#x438;&#x43A;&#x430;</subfield>
    <subfield code="z">16 - 19 &#x432;&#x432;.</subfield>
    <subfield code="9">2446125</subfield>
    <subfield code="3">RU\NLR\auth\661454813</subfield>
  </datafield>
  <datafield tag="686" ind1="1" ind2=" ">
    <subfield code="a">&#x429;113(2&#x420;=&#x420;&#x443;&#x441;)5,1</subfield>
  </datafield>
  <datafield tag="686" ind1="1" ind2=" ">
    <subfield code="a">&#x429;143(2&#x420;=&#x420;&#x443;&#x441;)5-465.6&#x43B;61</subfield>
  </datafield>
  <datafield tag="686" ind1="1" ind2=" ">
    <subfield code="a">&#x429;101.3(2&#x420;)-2&#x41C;&#x43E;&#x441;&#x43A;&#x432;&#x430;2"&#x41A;&#x43E;&#x43B;&#x43E;&#x43C;&#x435;&#x43D;&#x441;&#x43A;&#x43E;&#x435;"</subfield>
  </datafield>
  <datafield tag="702" ind1=" " ind2="1">
    <subfield code="4">040</subfield>
    <subfield code="7">ca</subfield>
    <subfield code="8">rus</subfield>
    <subfield code="a">&#x41F;&#x43E;&#x43B;&#x44F;&#x43A;&#x43E;&#x432;&#x430;</subfield>
    <subfield code="b">&#x41E;. &#x410;.</subfield>
    <subfield code="f">1952-</subfield>
    <subfield code="c">&#x445;&#x443;&#x434;&#x43E;&#x436;&#x43D;&#x438;&#x43A;</subfield>
    <subfield code="g">&#x41E;&#x43B;&#x44C;&#x433;&#x430; &#x410;&#x43B;&#x435;&#x43A;&#x441;&#x430;&#x43D;&#x434;&#x440;&#x43E;&#x432;&#x43D;&#x430;</subfield>
    <subfield code="3">RU\NLR\AUTH\770176170</subfield>
    <subfield code="9">176119</subfield>
  </datafield>
  <datafield tag="801" ind1=" " ind2="0">
    <subfield code="a">RU</subfield>
    <subfield code="b">NLR</subfield>
    <subfield code="c">20061114</subfield>
    <subfield code="g">rcr</subfield>
  </datafield>
  <datafield tag="801" ind1=" " ind2="1">
    <subfield code="a">RU</subfield>
    <subfield code="b">NLR</subfield>
    <subfield code="c">20061114</subfield>
  </datafield>
  <datafield tag="852" ind1=" " ind2=" ">
    <subfield code="a">NLR</subfield>
    <subfield code="j">&#x41F;32/544</subfield>
  </datafield>
  <datafield tag="942" ind1=" " ind2=" ">
    <subfield code="c">BOOK</subfield>
  </datafield>
  <datafield tag="980" ind1=" " ind2=" ">
    <subfield code="a">NB</subfield>
  </datafield>
  <datafield tag="995" ind1=" " ind2=" ">
    <subfield code="5">2013-10-26</subfield>
    <subfield code="b">NLR01</subfield>
    <subfield code="c">NLR01</subfield>
    <subfield code="e">RJF</subfield>
    <subfield code="f">994860-10</subfield>
    <subfield code="k">&#x41F;32/544</subfield>
    <subfield code="o">0</subfield>
    <subfield code="r">BOOK</subfield>
    <subfield code="s">32544_</subfield>
  </datafield>
</record>
